|
|
|
|
| LEADER |
00829cam a2200229 7i4500 |
| 001 |
0000079269 |
| 005 |
20230821090000.0 |
| 020 |
|
|
|a 9781003375159 (electronic book)
|
| 090 |
0 |
0 |
|a BF109.B54
|b M66 2023
|
| 100 |
1 |
|
|a Monteiro, Joao Sousa
|
| 245 |
1 |
0 |
|a Bion's theory of dreams :
|b a visionary model of the mind
|c Joao Sousa Monteiro.
|
| 264 |
|
|
|a Abingdon, Oxon ; New York:
|b Routledge,
|c 2023.
|
| 300 |
|
|
|a 1 online resource (xviii, 255 pages):
|b text file, PDf.
|
| 336 |
|
|
|a text
|2 rdacontent
|
| 337 |
|
|
|a computer
|2 rdamedia
|
| 338 |
|
|
|a online resource
|2 rdacarrier
|
| 650 |
|
0 |
|a Bion, Wilfred R. (Wilfred Ruprecht), 1897-1979
|
| 650 |
|
0 |
|a Dreams
|
| 650 |
|
0 |
|a Psychoanalysis
|
| 655 |
|
0 |
|a Electronic books
|
| 856 |
4 |
2 |
|u http://library.unisel.edu.my/web/guest/mylibrary
|
| 999 |
|
|
|a EBO0021600
|b EBOOK
|c EBOOK
|e Electronic resources
|